000 00677nam a2200241Ia 4500
003 OSt
005 20221005123354.0
006 a|||||r|||| 00| 0
007 ta
008 221004b |||||||| |||| 00| 0 eng d
024 _a67238
037 _cTextual
040 _aCRL
_cCRL
_beng
041 _2eng
_aeng
082 _aV4:1:L, 122k9
100 _aGarelli Paul
_9633608
245 0 _aLe proche -orient asiatique
_b Des origines aux invasions des peuples de la mer.
260 _c1969
490 _aNouvelle clio, L'histoire et ses problemes.; 2
650 _aHISTORY
942 _hV4:1:L, 122k9
_cTEXL
_2cc
999 _c1047245
_d1047245